[Event "SEMI Italia Scacchistica D email"]
[Site "SEMI email"]
[Date "1999.??.??"]
[Round "?"]
[White "Giaquinta, Antonio"]
[Black "Lorenzetti, Luca"]
[Result "1-0"]
[WhiteElo "1000"]
[BlackElo "1000"]
[PlyCount "55"]
[EventDate "1999.??.??"]
[EventType "tourn (corr)"]
[EventRounds "10"]
[EventCountry "ITA"]
[SourceTitle "Corr 2008"]
[Source "ChessBase"]
[SourceDate "2008.06.24"]
[SourceVersion "1"]
[SourceVersionDate "2008.06.24"]
[SourceQuality "1"]

1. e4 e5 2. Nf3 Nc6 3. Bb5 a6 4. Ba4 Nf6 5. d4 exd4 6. 0-0 Be7 7. e5 Ne4 8. Nxd4 Nxd4 9. Qxd4 Nc5 10. Nc3 0-0 11. Be3 Nxa4 12. Nxa4 f6 13. Qd5+ Kh8 14. f4 fxe5 15. fxe5 Bb4 16. Bc5 Bxc5+ 17. Nxc5 Rxf1+ 18. Rxf1 Qe8 19. Ne4 h6 20. Qc5 d6 21. Qxc7 dxe5 22. Nd6 Qg8 23. Nf7+ Kh7 24. Qxe5 a5 25. Qe4+ g6 26. Nd8 Qg7 27. Rf7 Qxf7 28. Nxf7 1-0

[Event "SEMI Italia Scacchistica D email"]
[Site "SEMI email"]
[Date "1999.??.??"]
[Round "?"]
[White "Ramieri, Paolo"]
[Black "Giaquinta, Antonio"]
[Result "0-1"]
[WhiteElo "1000"]
[BlackElo "1000"]
[PlyCount "68"]
[EventDate "1999.??.??"]
[EventType "tourn (corr)"]
[EventRounds "10"]
[EventCountry "ITA"]
[SourceTitle "Corr 2008"]
[Source "ChessBase"]
[SourceDate "2008.06.24"]
[SourceVersion "1"]
[SourceVersionDate "2008.06.24"]
[SourceQuality "1"]

1. e4 c5 2. d3 d6 3. Qf3 Nf6 4. h3 Nc6 5. Bg5 e5 6. c3 Be7 7. Ne2 h6 8. Bxf6 Bxf6 9. Na3 Be6 10. b3 Nd4 11. Nxd4 cxd4 12. Nc2 Qa5 13. b4 Qa4 14. Qd1 dxc3 15. Qb1 d5 16. Qb3 Qxb3 17. axb3 d4 18. Rb1 Bg5 19. g3 f5 20. h4 Bd2+ 21. Ke2 fxe4 22. dxe4 Rd8 23. Kd3 0-0 24. f4 exf4 25. gxf4 Rxf4 26. Bh3 Rf3+ 27. Ke2 Rxh3 28. Rxh3 Bxh3 29. Kd3 Bf4 30. Rg1 Bd7 31. Kxd4 Bb5+ 32. Kc5 Bd3 33. Rc1 Bxc1 34. b5 Bxc2 0-1